000 00714nam a2200253Ia 4500
003 OSt
005 20220918164839.0
006 a|||||r|||| 00| 0
007 ta
008 220917b |||||||| |||| 00| 0 eng d
020 _a0801486548 (pbk)
024 _a174,543
037 _cTextual
040 _aARTS
_cARTS
_beng
041 _2eng
_aeng
082 _aQ:454:677.N, P0 (SC)
100 _aSauneron Serge
_921230
245 0 _aPriests of ancient Egypt translated by David Lorton
260 _aIthaca
_bCornell University Press
_c2000
300 _axii, 215p.
_ccm.
650 _aRELIGION
942 _hQ:454:677.N, P0 (SC)
_cTEXL
_2CC
999 _c126990
_d126990